| 000 | 00510nam a22001571 4500 | ||
|---|---|---|---|
| 082 |
_a954.031 _bLYA |
||
| 100 | 1 |
_aLyall, Alfred Comyn, _949991 |
|
| 245 | 1 | 4 |
_aThe rise and expansion of the British dominion in India, _cby Sir Alfred Lyall ... |
| 250 | _a[5th ed.] | ||
| 260 |
_aLondon, _bJ. Murray, _c1920. |
||
| 300 |
_axviii p., 1 l., 397 p. _b5 fold. maps. _c23 cm. |
||
| 500 | _a"Fifth ed. 1910 ... reprinted 1920." | ||
| 526 |
_a0 _b0 _c0 _d954_031000000000000_LYA |
||
| 650 |
_aMCE _9379 |
||
| 942 |
_2ddc _cBK |
||
| 999 |
_c553144 _d553144 |
||